Castro's cuba : The revolution in cuba

Đã lưu trong:
书目详细资料
主要作者: Mills, C. Wright
格式: 图书
语言:Undetermined
出版: London Secker & Warburg 1960
标签: 添加标签
没有标签, 成为第一个标记此记录!
Thư viện lưu trữ: Trung tâm Học liệu Trường Đại học Cần Thơ
LEADER 00468nam a2200181Ia 4500
001 CTU_86824
008 210402s9999 xx 000 0 und d
082 |a 972.9163 
082 |b M657 
100 |a Mills, C. Wright 
245 0 |a Castro's cuba : 
245 4 |b The revolution in cuba 
245 0 |c C. Wright Mills 
260 |a London 
260 |b Secker & Warburg 
260 |c 1960 
904 |i Mai Loan 
980 |a Trung tâm Học liệu Trường Đại học Cần Thơ